000 00335 a2200157 4500
001 13983
020 _a9781848770034
040 _cAnchieta - Aquarius
100 _aJay`s, Alison
240 1 0 _aAnimals
_leng
245 1 0 _aAnimals
300 _a16
362 0 _a2007
650 4 _aLiteratura infanto-juvenil em inglês
942 _cBK
999 _c13983
_d13983